Una mujer llega al pueblo (Record no. 137810)

MARC details
000 -LEADER
campo de control de longitud fija 00573nam a2200205 4500
001 - NÚMERO DE CONTROL
campo de control 137810
003 - IDENTIFICADOR DE NÚMERO DE CONTROL
campo de control ES-MaACL
005 - FECHA Y HORA DE LA ÚLTIMA TRANSACCIÓN
campo de control 20231220144855.0
007 - CAMPO FIJO DE DESCRIPCIÓN FÍSICA--INFORMACIÓN GENERAL
campo de control de longitud fija t|
008 - DATOS DE LONGITUD FIJA--INFORMACIÓN GENERAL
campo de control de longitud fija 070214s1957 sp r ||||1| spa d
100 1# - ENTRADA PRINCIPAL--NOMBRE DE PERSONA
Nombre de persona Salisachs, Mercedes,
Fechas asociadas al nombre 1916-2014
9 (RLIN) 101965
245 14 - MENCIÓN DEL TÍTULO
Título Una mujer llega al pueblo
Resto del título : novela /
Mención de responsabilidad, etc. Mercedes Salisachs.
250 ## - MENCION DE EDICION
Mención de edición 1ª ed.
260 ## - PUBLICACIÓN, DISTRIBUCIÓN, ETC.
Lugar de publicación, distribución, etc. Barcelona :
Nombre del editor, distribuidor, etc. Planeta,
Fecha de publicación, distribución, etc. 1957.
300 ## - DESCRIPCIÓN FÍSICA
Extensión 517 p. ;
Dimensiones 21 cm.
490 1# - MENCIÓN DE SERIE
Mención de serie Omnibus
830 0# - PUNTO DE ACCESO ADICIONAL DE SERIE-TÍTULO UNIFORME
Título uniforme Omnibus
9 (RLIN) 177342
852 ## - LOCALIZACIÓN
Ubicación ES-MaACL
Número de control de estantería C-14623
Sublocalización o colección R.40916
Holdings
Estatus retirado Estado de pérdida Estado de daño No para préstamo Biblioteca de origen Biblioteca actual Ubicación en estantería Fecha de adquisición Fuente de adquisición Total de préstamos Signatura topográfica completa Código de barras Visto por última vez Precio de reemplazo Tipo de ítem Koha
        Biblioteca del Ateneo de Madrid Biblioteca del Ateneo de Madrid Ficheros 17/01/2008     C-14623 1143410 23/02/2023 23/02/2023 Libro impreso